Návrh opatrení na zlepšenie motivačného systému v podniku Kuster - automobilová technika, spol. s r.o. Vlkanová = Draft measures for the improvement of the motivation system in the workplace Kuster - automotive industry, company Ltd. Vlkanová : Bakalárska práca

Enregistré dans:
Détails bibliographiques
Auteur principal: Černáková, Katarína, 1986- (Auteur)
Autres auteurs: Cibulka, Viliam, 1948- (xxx)
Format: Manuscrit Livre
Langue:slovaque
Publié: Trnava : STU v Bratislave MTF UPMK, 2008
Sujets:
Tags: Ajouter un tag
Pas de tags, Soyez le premier à ajouter un tag!

MARC

LEADER 00000ntm a22000003a 4500
001 stu172550
005 20160719155927.9
008 081014s2008----xo------------------slo-d
040 |a STU  |b slo 
041 0 |a slo 
044 |a xo 
100 1 |a Černáková, Katarína,  |d 1986-  |4 aut  |X 25179  |7 A000025179 
245 1 |a Návrh opatrení na zlepšenie motivačného systému v podniku Kuster - automobilová technika, spol. s r.o. Vlkanová = Draft measures for the improvement of the motivation system in the workplace Kuster - automotive industry, company Ltd. Vlkanová :  |b Bakalárska práca 
260 |a Trnava :  |b STU v Bratislave MTF UPMK,  |c 2008 
300 |a 60 s  |c príl., 1 CD-ROM 
500 |a Študijný program: priemyselné manažérstvo 
500 |a Študijný odbor: 5.2.52 priemyselné inžinierstvo 
650 7 |a pracovná motivácia  |2 stusub 
700 1 |a Cibulka, Viliam,  |d 1948-  |4 xxx  |u M190  |U MTF Materiálovotechnologická fakulta  |T MTF Katedra priemyselného inžinierstva a manažmentu  |X 37983  |U M190  |Y 167  |7 A000037983 
996 |b 284M068841  |c M*BP-3599  |l MMSKP  |s P  |a 0  |w stu172550_0001